ديوان الأمير شهاب الدين أبى الفوارس سعد بن محمد بن سعد بن الصيفى التميمى البغدادى المعروف ب (حيص بيص) / (Record no. 180005)

MARC details
000 -LEADER
fixed length control field 01553namaa22003371i 4500
003 - CONTROL NUMBER IDENTIFIER
control field EG-GICUC
005 - DATE AND TIME OF LATEST TRANSACTION
control field 20260505145055.0
008 - FIXED-LENGTH DATA ELEMENTS--GENERAL INFORMATION
fixed length control field 260505m1974 iq ||||jr|||| 000 0 ara d
040 ## - CATALOGING SOURCE
Original cataloging agency EG-GiCUC
Language of cataloging ara
Transcribing agency EG-GiCUC
Modifying agency EG-GiCUC
Description conventions rda
082 04 - DEWEY DECIMAL CLASSIFICATION NUMBER
Edition number 21
Classification number 811
Item number H425
092 04 - LOCALLY ASSIGNED DEWEY CALL NUMBER (OCLC)
Edition number 21
Classification number 811
Item number H425
099 ## - LOCAL FREE-TEXT CALL NUMBER (OCLC)
Classification number 811 H425
100 0# - MAIN ENTRY--PERSONAL NAME
Personal name ‏حيص بيص، سعد بن محمد،‏
Dates associated with a name -1179
Relator term مؤلف.
245 1# - TITLE STATEMENT
Title ديوان الأمير شهاب الدين أبى الفوارس سعد بن محمد بن سعد بن الصيفى التميمى البغدادى المعروف ب (حيص بيص) /
Statement of responsibility, etc. حققه وضبط كلماته وشرحها وكتب مقدمته مكى السيد جاسم وشاكر هادى شكر
264 ## - PRODUCTION, PUBLICATION, DISTRIBUTION, MANUFACTURE, AND COPYRIGHT NOTICE
Place of production, publication, distribution, manufacture بغداد ( العراق) :
Name of producer, publisher, distributor, manufacturer منشورات وزارة الاعلام،
Date of production, publication, distribution, manufacture, or copyright notice 1974-
300 ## - PHYSICAL DESCRIPTION
Extent ؛ 2 مجلد
Other physical details .
Dimensions 24 سم
336 ## - CONTENT TYPE
Source rdacontent
Content type term text
337 ## - MEDIA TYPE
Source rdamedia
Media type term Unmediated
338 ## - CARRIER TYPE
Source rdacarrier
Carrier type term volume
490 ## - SERIES STATEMENT
Series statement سلسلة كتب التراث ؛
Volume/sequential designation 32-33
500 ## - GENERAL NOTE
General note المكتبة تقتنى المجلد الاول والثانى فقط
504 ## - BIBLIOGRAPHY, ETC. NOTE
Bibliography, etc. note يشتمل على ارجاعات ببليوجرافية
541 ## - IMMEDIATE SOURCE OF ACQUISITION NOTE
Source of acquisition د. جابر عصفور ؛
Address القاهرة ؛
Method of acquisition إهداء ؛
Date of acquisition 2024.
650 17 - SUBJECT ADDED ENTRY--TOPICAL TERM
Topical term or geographic name entry element الشعر العربى
Source of heading or term qrmak
650 17 - SUBJECT ADDED ENTRY--TOPICAL TERM
Topical term or geographic name entry element الشعر العربى
General subdivision دواوين وقصائد
Source of heading or term qrmak
651 1# - SUBJECT ADDED ENTRY--GEOGRAPHIC NAME
Source of heading or term qrmak
700 1# - ADDED ENTRY--PERSONAL NAME
Personal name جاسم، مكى السيد
Relator term محقق.
700 1# - ADDED ENTRY--PERSONAL NAME
Personal name شكر، شاكر هادى
Relator term محقق.
905 ## - Cataloger and Reviser Names
Cataloger Name Huda
942 ## - ADDED ENTRY ELEMENTS (KOHA)
Source of classification or shelving scheme Dewey Decimal Classification
Koha item type Books
Edition 21
Suppress in OPAC No
Holdings
Withdrawn status Lost status Source of classification or shelving scheme Damaged status Not for loan Home library Current library Date acquired Inventory number Total checkouts Full call number Barcode Date last seen Price effective from Koha item type
    Dewey Decimal Classification   Not for loan المكتبة المركزبة الجديدة - جامعة القاهرة قاعة المكتبات المهداة - الدور الرابع 05.05.2026 175276   811 H425 v.1 J.U. 01000100175276001 05.05.2026 05.05.2026 Books
    Dewey Decimal Classification   Not for loan المكتبة المركزبة الجديدة - جامعة القاهرة قاعة المكتبات المهداة - الدور الرابع 05.05.2026 175276   811 H425 v.2 J.U. 01000100175276002 05.05.2026 05.05.2026 Books
Cairo University Libraries Portal Implemented & Customized by: Eng. M. Mohamady Contacts: new-lib@cl.cu.edu.eg | cnul@cl.cu.edu.eg
CUCL logo CNUL logo
© All rights reserved — Cairo University Libraries
CUCL logo
Implemented & Customized by: Eng. M. Mohamady Contact: new-lib@cl.cu.edu.eg © All rights reserved — New Central Library
CNUL logo
Implemented & Customized by: Eng. M. Mohamady Contact: cnul@cl.cu.edu.eg © All rights reserved — Cairo National University Library